| 000 | 01043nam a2200313 i 4500 | ||
|---|---|---|---|
| 001 | 47881 | ||
| 003 | Mx-PuUPA | ||
| 005 | 20260511112432.0 | ||
| 008 | 140415s1983 ilua fr 001 0 eng d | ||
| 020 | _a0256028680 | ||
| 040 |
_aMx-PuUPA _bspa _cMx-PuUPA _dMx-PuUPA _erda |
||
| 041 | 0 | _aeng | |
| 043 | _an-us--- | ||
| 100 | 1 |
_aBell, Robert Vaughn, _d1924- _918058 _eautor |
|
| 245 | 1 | 0 |
_aMarriage and family interaction / _cRobert R. Bell |
| 250 | _aSixth edition | ||
| 260 |
_a[s.l.] : _bTHE DORSEY PRESS, _c1983 |
||
| 264 | 1 |
_aHomewood, Illinois : _bThe Dorsey Press, _c1983 |
|
| 300 |
_axv, 584 páginas : _bilustraciones (blanco y negro) ; _c24 cm |
||
| 336 |
_2rdacontent _atexto _btxt |
||
| 337 |
_2rdamedia _asin medio _bn |
||
| 338 |
_2rdacarrier _avolumen _bnc |
||
| 650 | 7 |
_2armarc _aMatrimonio _zEstados Unidos |
|
| 650 | 7 |
_2armarc _aFamilias _zEstados Unidos |
|
| 650 | 7 |
_2armarc _aFamilia _xSociologĂa _zEstados Unidos |
|
| 942 |
_2ddc _cLI _h306.80973 _iB42 |
||
| 999 |
_c47881 _d47881 |
||